000 00473nam a2200181Ia 4500
003 GCL
008 140319s9999 xx 000 0 eng d
040 _aGCL /
_cGCL
082 0 4 _aCC
_b050.941
_bC G
100 1 _aCEDAE
245 1 0 _aCOLLECTION SCIENTIFIQUE: GRAFFITI DE LA MONTAGNE THEBAINE, TOME 3\5 /
_cCEDAE
260 _a[S.N] :
_bCEDAE ،
_c1973
300 _a220- 258 PP
650 0 4 _aEGYPTOLOGY
650 0 4 _aTHEBES
650 0 4 _aCOLLECTIONS
942 _2ddc
_cBK
999 _c17687
_d17687